000 005530000a22002170004500
003 LK-CoMWRAF
005 20240212121643.0
008 230817t2000 ||||| |||| 00| 0 eng d
020 _a0004725115
040 _aLK-CoMWRAF
_dLK-CoMWRAF
_eLK-CoMWRAF
041 _aeng
082 _a301.03
_bJAR
100 _aJary, David
245 _aCollins Dictionary of Sociology
250 _a3rd ed.
260 _aGlasgow:
_bHarperCollins,
_c2000
300 _aviii.,712p., ; 20 cm.
650 _aSOCIOLOGY-Dictionaries
700 _aJary, Julia
942 _cBK
999 _c441
_d441